000 00385nam a2200169Ia 4500
100 _aSethi/J/ Dhamija/P/.V
650 _aSpoken english
250 _a2
942 _cBK
366 _f25
654 _aphonetics
245 _aCourse in Phonetics and spoken english
260 _bPrentice -Hall of India
082 _a372.6
_bDHA
300 _a221
546 _aENGLISH
_cproduction
999 _c23913
_d23913